[Event "Araruama op 1st"]
[Site "Araruama"]
[Date "2021.06.06"]
[Round "6"]
[White "Ramos, Mike Nelson"]
[Black "Haraguchi, Diego Sashaki"]
[Result "0-1"]
[WhiteElo "1849"]
[BlackElo "1923"]
[PlyCount "60"]
[EventDate "2021.06.02"]
[EventType "tourn"]
[EventRounds "6"]
[EventCountry "BRA"]
[SourceTitle "CBM 203 Extra"]
[Source "ChessBase"]
[SourceDate "2021.09.30"]
[SourceVersion "1"]
[SourceVersionDate "2021.09.30"]
[SourceQuality "1"]

1. c4 Nf6 2. d4 e6 3. Nc3 b6 4. e4 d6 5. Bd3 Be7 6. Nge2 e5 7. d5 Nbd7 8. 0-0 0-0 9. f4 exf4 10. Nxf4 Ne5 11. Be2 a5 12. b3 a4 13. b4 Bg4 14. h3 Bxe2 15. Qxe2 Ng6 16. Be3 Nd7 17. Nxg6 hxg6 18. Bd4 Bf6 19. Bxf6 Nxf6 20. e5 dxe5 21. Qxe5 Re8 22. Qf4 Qe7 23. Nb5 Qxb4 24. Qxc7 Rac8 25. Rab1 Qa5 26. Qb7 Rxc4 27. Nd6 Qc5+ 28. Kh1 Qxd6 29. Rxb6 Qxd5 30. Qa7 Rc2 0-1

[Event "Araruama op 1st"]
[Site "Araruama"]
[Date "2021.06.05"]
[Round "5"]
[White "De Freitas, Leandro Henrique"]
[Black "Ramos, Mike Nelson"]
[Result "0-1"]
[WhiteElo "1649"]
[BlackElo "1849"]
[PlyCount "94"]
[EventDate "2021.06.02"]
[EventType "tourn"]
[EventRounds "6"]
[EventCountry "BRA"]
[SourceTitle "CBM 203 Extra"]
[Source "ChessBase"]
[SourceDate "2021.09.30"]
[SourceVersion "1"]
[SourceVersionDate "2021.09.30"]
[SourceQuality "1"]

1. e4 c5 2. Nf3 Nc6 3. d4 cxd4 4. Nxd4 e5 5. Nb3 Nf6 6. Nc3 Bb4 7. Bd3 d5 8. exd5 Nxd5 9. Bd2 Nxc3 10. Bxc3 Bxc3+ 11. bxc3 0-0 12. 0-0 Qe7 13. Re1 Be6 14. Qh5 f5 15. Bb5 Bf7 16. Qe2 e4 17. Bxc6 bxc6 18. Nd4 Qc5 19. Qe3 Rae8 20. Qg5 Bc4 21. Re3 h6 22. Qg6 f4 23. Rh3 Qg5 24. Qxc6 Bd5 25. Qb5 f3 26. Rg3 Qe5 27. Re1 fxg2 28. Qd7 Re7 29. Qh3 Ref7 30. Rxg2 e3 31. f3 Bxf3 32. Nxf3 Rxf3 33. Qh4 Qxc3 34. Rge2 Rf2 35. Qg4 Qe5 36. Qh4 Qf5 37. Qc4+ Kh8 38. Rxe3 Rxc2 39. Qh4 Rxa2 40. Re7 Qg6+ 41. Qg3 Qxg3+ 42. hxg3 Rff2 43. Rxa7 Rg2+ 44. Kh1 Rh2+ 45. Kg1 Rag2+ 46. Kf1 Rxg3 47. Rxg7 Rxg7 0-1

[Event "Araruama op 1st"]
[Site "Araruama"]
[Date "2021.06.04"]
[Round "2"]
[White "Ramos, Mike Nelson"]
[Black "Santos, Rafael Ventura Dos"]
[Result "0-1"]
[WhiteElo "1849"]
[BlackElo "2209"]
[PlyCount "204"]
[EventDate "2021.06.02"]
[EventType "tourn"]
[EventRounds "6"]
[EventCountry "BRA"]
[SourceTitle "CBM 203 Extra"]
[Source "ChessBase"]
[SourceDate "2021.09.30"]
[SourceVersion "1"]
[SourceVersionDate "2021.09.30"]
[SourceQuality "1"]

1. c4 Nf6 2. d4 e6 3. Nc3 c5 4. d5 exd5 5. cxd5 d6 6. e4 g6 7. Bd3 Bg7 8. Nge2 0-0 9. 0-0 Re8 10. Ng3 a6 11. a4 Qc7 12. h3 Nbd7 13. Be3 b6 14. f4 c4 15. Be2 Nc5 16. Qc2 Nfxe4 17. Ncxe4 Nxe4 18. Nxe4 f5 19. Nxd6 Qxd6 20. Bf2 Bb7 21. Bxc4 Re4 22. Qb3 Rc8 23. Rac1 Rxf4 24. Rfd1 Re4 25. Qd3 b5 26. axb5 axb5 27. Bxb5 Rxc1 28. Rxc1 Bxb2 29. Rb1 Be5 30. Bc4 Ba8 31. Rb6 Re1+ 32. Bxe1 Qxb6+ 33. Bf2 Qd6 34. Qb3 Kg7 35. Qb5 Qa3 36. Qc5 Qc1+ 37. Bf1 Qxc5 38. Bxc5 Bxd5 39. Bb5 h5 40. Bf2 f4 41. Bc5 Kf6 42. Bb6 Kg5 43. Bf2 Bc3 44. Bd3 Bd2 45. Kf1 Be3 46. Be1 Kh6 47. Bb4 Kg7 48. Bc3+ Kf7 49. Be1 g5 50. Be2 Kg6 51. Bd3+ Kh6 52. Bb4 Bd4 53. Bf8+ Bg7 54. Bc5 g4 55. hxg4 hxg4 56. Kf2 Be5 57. Bf8+ Kh5 58. Bc5 Kg5 59. Be7+ Bf6 60. Bc5 g3+ 61. Kf1 Kg4 62. Bb5 Kf5 63. Be2 Bc3 64. Bb6 Bd2 65. Bc5 Be3 66. Bd6 Be4 67. Bc7 Ke6 68. Bb8 Kd5 69. Bc7 Kd4 70. Bb6+ Kc3 71. Ba5+ Kc2 72. Bd8 Bd5 73. Ba5 Kc1 74. Bd8 Bd2 75. Bc7 Kc2 76. Bb6 Be4 77. Bc7 Bc1 78. Bd6 Kc3 79. Be5+ Kb3 80. Bc7 Be3 81. Be5 Kc2 82. Bc7 Bc1 83. Bd6 Bd3 84. Bc7 Kc3 85. Be5+ Kc4 86. Bc7 Kd4 87. Bb6+ Ke4 88. Bc7 Be3 89. Bd6 Bc2 90. Bf3+ Kf5 91. Be2 Be4 92. Bb4 Bd4 93. Bd6 Be5 94. Bb4 Bc7 95. Bc5 Ke5 96. Bb4 Kd5 97. Be7 Kd4 98. Ba3 Ke3 99. Be7 Be5 100. Bc5+ Kd2 101. Bb4+ Ke3 102. Ba3 Bxg2+ 0-1

[Event "Araruama op"]
[Site "Araruama"]
[Date "2010.08.28"]
[Round "8"]
[White "Ramos, Mike Nelson"]
[Black "Castro, Josimar Barroso"]
[Result "1/2-1/2"]
[WhiteElo "1839"]
[BlackElo "2080"]
[PlyCount "22"]
[EventDate "2010.08.21"]
[EventType "swiss"]
[EventRounds "9"]
[EventCountry "BRA"]
[SourceTitle "CBM 138 Extra"]
[Source "ChessBase"]
[SourceDate "2010.10.29"]
[SourceVersion "1"]
[SourceVersionDate "2010.10.29"]
[SourceQuality "1"]

1. e4 e6 2. d4 d5 3. e5 c5 4. c3 Nc6 5. Nf3 Qb6 6. a3 a5 7. Be2 Bd7 8. 0-0 cxd4 9. cxd4 Nge7 10. Nc3 Ng6 11. Rb1 Be7 1/2-1/2

[Event "Araruama op"]
[Site "Araruama"]
[Date "2010.08.25"]
[Round "5"]
[White "Costa, Carlos Evanir"]
[Black "Ramos, Mike Nelson"]
[Result "1-0"]
[WhiteElo "2210"]
[BlackElo "1839"]
[PlyCount "139"]
[EventDate "2010.08.21"]
[EventType "swiss"]
[EventRounds "9"]
[EventCountry "BRA"]
[SourceTitle "CBM 138 Extra"]
[Source "ChessBase"]
[SourceDate "2010.10.29"]
[SourceVersion "1"]
[SourceVersionDate "2010.10.29"]
[SourceQuality "1"]

1. e4 c5 2. Nf3 Nc6 3. Nc3 a6 4. d4 cxd4 5. Nxd4 e5 6. Nf5 d6 7. Ne3 Nf6 8. Ned5 Nxd5 9. Nxd5 Be6 10. c3 Be7 11. Be3 Bxd5 12. Qxd5 0-0 13. Bc4 Qa5 14. Qd3 Rac8 15. 0-0 Qc7 16. Bd5 Bf6 17. Rad1 Ne7 18. Bb3 Rcd8 19. Rd2 Ng6 20. g3 h5 21. h4 Qe7 22. Qe2 Qd7 23. Qxh5 Ne7 24. Kg2 g6 25. Qd1 Kg7 26. Bb6 Qc6 27. Bxd8 Rxd8 28. Qf3 Ng8 29. Rfd1 Qc7 30. Qe3 Be7 31. Qf3 Rf8 32. g4 Nf6 33. Rh1 Qc8 34. Kg3 Rh8 35. Rdd1 Qd7 36. h5 g5 37. Qf5 Qxf5 38. exf5 Rd8 39. Bd5 b6 40. c4 Rc8 41. Rc1 Rc5 42. b4 Rc7 43. f3 Bf8 44. Rhd1 Kg8 45. a4 Kg7 46. Kf2 Kg8 47. Ke2 Kg7 48. Kd3 Kg8 49. Ra1 Kg7 50. Rdc1 Kg8 51. Be4 Kg7 52. Rc3 Ra7 53. a5 b5 54. Bc6 bxc4+ 55. Kxc4 d5+ 56. Kb3 Rc7 57. b5 axb5 58. a6 b4 59. Rc2 Ra7 60. Bb7 d4 61. Rc6 Nd7 62. Kc4 Be7 63. Rc7 Nb6+ 64. Kb5 Nd5 65. Rxe7 Nxe7 66. Kb6 Nd5+ 67. Kxa7 Nc3 68. Kb6 b3 69. Be4 b2 70. Rb1 1-0

[Event "Rio de Janeiro State-ch"]
[Site "Rio de Janeiro"]
[Date "2008.01.26"]
[Round "5.11"]
[White "Silva, Marcelo dos Santos"]
[Black "Ramos, Mike Nelson"]
[Result "1-0"]
[WhiteElo "2088"]
[BlackElo "1844"]
[PlyCount "67"]
[EventDate "2008.01.19"]
[EventType "swiss"]
[EventRounds "7"]
[EventCountry "BRA"]
[SourceTitle "EXT 2022"]
[Source "ChessBase"]
[SourceDate "2021.10.06"]
[SourceVersion "1"]
[SourceVersionDate "2021.10.06"]
[SourceQuality "1"]

1. c4 c5 2. b3 Nf6 3. Bb2 e6 4. g3 d5 5. cxd5 exd5 6. Bg2 Be7 7. Nf3 Nc6 8. d4 Bg4 9. dxc5 Bxc5 10. 0-0 0-0 11. Nbd2 Ne4 12. e3 Bb4 13. Nxe4 dxe4 14. Qxd8 Rfxd8 15. Nd4 Nxd4 16. Bxd4 Be2 17. Rfc1 Bd3 18. Rc7 b6 19. f3 Bd6 20. Rc6 f5 21. fxe4 fxe4 22. Bh3 Bb5 23. Rc2 Bd7 24. Bg2 Re8 25. Rac1 Ba3 26. Rc7 Bxc1 27. Rxd7 Rad8 28. Rxg7+ Kf8 29. Rxh7 Rxd4 30. exd4 e3 31. Rh8+ Ke7 32. Rxe8+ Kxe8 33. Kf1 Bb2 34. d5 1-0

[Event "Rio de Janeiro State-ch"]
[Site "Rio de Janeiro"]
[Date "2008.01.20"]
[Round "3.9"]
[White "Campos, Alexandre Ferreira"]
[Black "Ramos, Mike Nelson"]
[Result "1/2-1/2"]
[WhiteElo "2148"]
[BlackElo "1844"]
[PlyCount "134"]
[EventDate "2008.01.19"]
[EventType "swiss"]
[EventRounds "7"]
[EventCountry "BRA"]
[SourceTitle "EXT 2022"]
[Source "ChessBase"]
[SourceDate "2021.10.06"]
[SourceVersion "1"]
[SourceVersionDate "2021.10.06"]
[SourceQuality "1"]

1. c4 c5 2. Nf3 Nc6 3. g3 g6 4. Bg2 Bg7 5. Nc3 e6 6. e4 Nge7 7. d3 0-0 8. Be3 b6 9. Nd2 Bb7 10. 0-0 f5 11. f4 Nd4 12. Nf3 d5 13. Bxd4 cxd4 14. Nb5 dxc4 15. e5 Nd5 16. dxc4 Ne3 17. Qxd4 Qxd4 18. Nbxd4 Nxf1 19. Rxf1 Rfe8 20. Nb5 Red8 21. Nc7 Rac8 22. Nxe6 Re8 23. Nxg7 Kxg7 24. Rc1 Red8 25. b4 Rd3 26. Ne1 Rd7 27. Bf3 Bxf3 28. Nxf3 Rd3 29. Kf2 Ra3 30. Rc2 Ra4 31. a3 Rxa3 32. c5 Rb3 33. Rd2 Rxb4 34. Rd7+ Kg8 35. e6 bxc5 36. Ng5 Re8 37. Rxa7 h6 38. Nf7 Rxe6 39. Nxh6+ Kf8 40. Rc7 c4 41. g4 Rb2+ 42. Kg3 Re3+ 43. Kh4 Rxh2+ 44. Kg5 fxg4 45. Nxg4 Rg3 46. Kf6 Re2 47. Ne5 Rxe5 48. fxe5 Rf3+ 49. Kxg6 c3 50. Kg5 Ke8 51. Kg4 Kd8 52. Rc6 Rd3 53. Kf4 Kd7 54. Rc5 Ke6 55. Ke4 Rh3 56. Rc6+ Kd7 57. Rc5 Ke6 58. Kd4 Rg3 59. Rc6+ Kd7 60. Rxc3 Rg1 61. Ra3 Rd1+ 62. Ke3 Re1+ 63. Kf4 Rf1+ 64. Ke4 Re1+ 65. Kd5 Rd1+ 66. Ke4 Re1+ 67. Kf4 Rf1+ 1/2-1/2